DREAMS OF MY FATHER (Record no. 34943)
[ view plain ]
| 000 -LEADER | |
|---|---|
| fixed length control field | 00280nam a2200133Ia 4500 |
| 008 - FIXED-LENGTH DATA ELEMENTS--GENERAL INFORMATION | |
| fixed length control field | 240625s9999 xx 000 0 und d |
| 041 ## - LANGUAGE CODE | |
| Language code of text/sound track or separate title | eng |
| 082 ## - DEWEY DECIMAL CLASSIFICATION NUMBER | |
| Classification number | 920 OBA |
| 100 ## - MAIN ENTRY--PERSONAL NAME | |
| Personal name | OBAMA BARACK |
| 245 ## - TITLE STATEMENT | |
| Title | DREAMS OF MY FATHER |
| 260 ## - PUBLICATION, DISTRIBUTION, ETC. | |
| Date of publication, distribution, etc. | 2013 |
| 365 ## - TRADE PRICE | |
| Currency code | GBP |
| Price amount | 28 |
| 440 ## - SERIES STATEMENT/ADDED ENTRY--TITLE | |
| Volume/sequential designation | 2 |
| Withdrawn status | Lost status | Damaged status | Not for loan | Home library | Current library | Shelving location | Date acquired | Cost, normal purchase price | Full call number | Barcode | Date last seen | Copy number | Price effective from | Koha item type |
|---|---|---|---|---|---|---|---|---|---|---|---|---|---|---|
| IMTN | IMTN | Rack 42-B | 03/28/2014 | 18.99 | 920 OBA | CD1971 | 06/25/2024 | 108.9 | 06/25/2024 | CD |